On This Day: January 25th Quiz Stats

 Plays Quiz Updated Jan 25, 2018

Challenge
Share
Tweet
Embed
Score 0/7 Timer 03:00
0 Plays Today
Question Answer Wrong Answers
The Winter Olympic Games are held for the first time in Chamonix, which is located in this European mountain range.
1924
Alps
80.5%
Pyrenees
14.1%
Caucasus
1.5%
Urals
2.6%
This English author, whose best-known works include the novels ‘Mrs Dalloway’, ‘To the Lighthouse’ and ‘Orlando’, is born.
1882
Virginia Woolf
75.8%
Jane Austen
8.5%
Simone de Beauvoir
7%
Emily Brontë
8.6%
This man, who would later add ‘Conqueror of the British Empire’ to his official title, leads a coup and becomes Uganda’s president.
1971
Idi Amin
73.8%
Robert Mugabe
13.5%
Muammar Gaddafi
6.5%
Mobutu Sese Seko
3.6%
Blue Ribbon Sports, which would later become ______, is founded by University of Oregon track and field athletes.
1964
Nike
61.7%
Adidas
9.7%
Reebok
13.9%
New Balance
12.4%
The first wave of the ______ revolution begins throughout the country, marked by street demonstrations, rallies, acts of civil disobedience, riots, labor strikes, and violent clashes.
2011
Egyptian
61.3%
Ukrainian
22.4%
Hungarian
4.8%
Cuban
8.7%
This soap opera debuts on NBC radio from Chicago. In 1952 it moves to CBS television, where it airs until 2009.
1937
The Guiding Light
38.6%
All My Children
20.1%
The Young and the Restless
16.4%
General Hospital
23%
Transcontinental ______ service begins between New York and San Francisco.
1915
Telephone
31.2%
Railroad
44.7%
Telegraph
9.6%
Airline
13.7%

Today's Daily Dose

You're not logged in!

Compare scores with friends on all Sporcle quizzes.
OR
Log In

You Might Also Like...

Show Comments

Extras

Top Quizzes Today


Score Distribution

Your Account Isn't Verified!

In order to create a playlist on Sporcle, you need to verify the email address you used during registration. Go to your Sporcle Settings to finish the process.

Report this User

Report this user for behavior that violates our Community Guidelines.

Details: